000
00337nam a22001457a 4500
999
_c
12094
_d
12094
020
_a
978-93-5316-330-3
082
_a
005.82
100
_a
Atul Kahate
245
_a
Cryptography and Network Security
250
_a
4th edition
260
_a
India
_b
McGraw Hill
_c
2019
300
_a
456
650
_a
Computer Science
942
_c
BK